Obras de Santa Teresa de Jesús

Salvato in:
Dettagli Bibliografici
Autore principale: Santa Teresa de Jesús (Autore)
Natura: Libro
Lingua:spagnolo
Pubblicazione: Madrid Apostolado de la Prensa 1957
Soggetti:
Tags: Aggiungi Tag
Nessun Tag, puoi essere il primo ad aggiungerne!!

MARC

LEADER 00000nam a2200000 a 4500
001 UCR1788
003 CL-VaPUC
008 971219e19570000SP |||||||||||||||||spa|d
082 0 4 |a 248.894  |b TER  |2 21 
100 0 |a Santa Teresa de Jesús  |e author  |9 313710 
245 1 0 |a Obras de Santa Teresa de Jesús 
300 |a 1392 p 
942 |c BK 
945 |d 19971219 00:00:00  |a jquezada 
260 |a Madrid  |b Apostolado de la Prensa  |c 1957 
600 0 7 |a TERESA DE JESUS  |2 CL-VaPUC  |9 399268 
650 0 |a Virtud  |9 315987 
650 0 |a Literatura religiosa   |9 266283 
650 0 |a Vocación religiosa  |9 392452 
583 |a last modification  |c 19971219 00:00:00  |k Rodrigo Vera 
999 |c 265153  |d 265151 
952 |0 0  |1 0  |4 0  |6 248_894000000000000_TER_1957  |7 0  |8 A  |9 295970  |a BIBTEO  |b BIBTEO  |d 2019-11-20  |i 3368351  |o 248.894 TER 1957  |p 3368351  |r 2025-01-17  |w 2019-11-20  |y BK  |k ICR